Animal Crossing - les Villageois Aigles [avec image] - Statistiques

Statistiques générales
  • Ce quiz a été pris 16 fois
  • Le résultat moyen est 6 sur 11
Statistiques - réponses
Par images Réponse % Correct
Apollon
92%
Aurélie
67%
Enzo
58%
Napoléon
58%
Garance
50%
Manfred
50%
Astair
42%
Faust
42%
Greggae
42%
Phébus
33%
Quetzal
17%
Aucun quiz correspondant
Distribution des résultats
% des personnes avec chaque résultat
Percentile par nombre de réponses
Votre historique - résultats
Vous n’avez pas pris ce quiz